[Event "Charlotte Open 2020"]
[Site "Charlotte"]
[Date "2020.01.02"]
[Round "2.6"]
[White "Brodsky, David"]
[Black "Peng, Shunkai"]
[Result "0-1"]
[WhiteElo "2466"]
[BlackElo "2315"]
[Annotator "TA"]
[PlyCount "58"]
[EventDate "2020.01.02"]
[EventType "swiss"]
[EventCountry "USA"]
[SourceTitle "playchess.com"]
[Source "ChessBase"]
[SourceQuality "1"]

{[%evp 9,158,0,0,0,0,0,0,0,0,0,14,0,0,1,-8,-21,8,4,-10,-61,-60,-24,-22,-44,0,-15,0,-23,-25,-27,-27,-23,20,0,32,-85,-91,-86,-83,-285,-272,-229,-178,-227,-191,-177,-181,-1825,-1808,-1436,-741,-940,-901,-860,-582,-784,-712,-701,-694,-650,-540,-537,-530,-526,-532,-594,-594,-625,-610,-887,-880,-851,-581,-557,-557,-520,-520,-493,-491,-912,-900,-874,-852,-864,-831,-895,-433,-965,-994,-1768,-1774,-1772,-1752,-1775,-1747,-1663,-1766,-1761,-1612,-1673,-1519,-1323,-1323,-1054,-822,-773,-699,-598,-412,-1816,-2087,-5181,-584,-29975,-29979,-29980,-29981,-29981,-29982,-29982,-29983,-29984,-29985,-29985,-29981,-29981,-29982,-29982,-29976,-29978,-29977,-29976,-29978,-29975,-29978,-29984,-29985,-29985,-29986,-29986,-29987,-29987,-29987,-29988,-29989,-29989,-29990,-29990,-29990,-29990,-29991]} 1. e4 c5 2. Nc3 d6 3. d4 cxd4 4. Qxd4 Nc6 5. Qd2 Nf6 (5... g6 6. b3 Bh6 7. f4 f5 8. Bb2 Nf6 9. O-O-O O-O 10. Kb1 Bg7 11. exf5 Bxf5 {1-0 (37) Caruana,F (2819)-Vachier Lagrave,M (2779) Stavanger 2019}) 6. b3 {B23: Closed Sicilian: Lines without g3} e6 7. Bb2 Be7 8. O-O-O {The position is equal.} O-O 9. Kb1 a6 {[%cal Ba7a6,Ba6a5,Ba5a4][%mdl 32]} 10. f3 b5 11. g4 Nd7 $146 12. h4 Nc5 13. g5 b4 14. Nce2 (14. Na4 $11) 14... a5 $15 15. Nd4 Nxd4 16. Bxd4 a4 17. Qxb4 Qc7 18. Qc3 $1 e5 ({Reject} 18... axb3 $6 19. cxb3 e5 20. Bxc5 $14) 19. Bxc5 dxc5 20. Bc4 Ba6 ({But not} 20... axb3 21. cxb3 Ba6 22. Bxa6 $14) 21. Ne2 ({Don't blunder} 21. bxa4 $2 Bxc4 22. Qxc4 Rfb8+ 23. Kc1 Rb4 $19) 21... Rfb8 22. Nc1 (22. Bxa6 $14 {keeps the upper hand.} Rxa6 23. Rd5) 22... Bxc4 23. Qxc4 Rb4 24. Qd3 $2 (24. Qc3 $17) 24... axb3 25. cxb3 {[#]} c4 $1 $36 {[%cal Rc4d3][%mdl 2048] Black is on the roll.} 26. Qc2 Bc5 {Strongly threatening ...Bd4.} 27. Rd5 Bd4 28. Ne2 $2 {[#]} (28. f4) 28... Rxb3+ $1 $19 {[%mdl 576] Double Attack} 29. Kc1 (29. axb3 Ra1#) 29... Rba3 {Played: Rb3-b2} 0-1

[Event "Charlotte Open 2020"]
[Site "Charlotte"]
[Date "2020.01.02"]
[Round "2.7"]
[White "Narva, Mai"]
[Black "Jacobson, Brandon"]
[Result "0-1"]
[WhiteElo "2321"]
[BlackElo "2472"]
[Annotator "TA"]
[PlyCount "70"]
[EventDate "2020.01.02"]
[EventType "swiss"]
[EventCountry "USA"]
[SourceTitle "playchess.com"]
[Source "ChessBase"]
[SourceQuality "1"]

{[%evp 9,94,16,10,7,12,0,4,-18,-19,-21,-20,-20,-21,-61,-43,-51,-43,-49,-50,-70,-34,-45,-50,-39,-33,-50,-47,-50,-50,-74,-79,-71,-73,-69,-57,-87,-69,-78,-86,-78,-33,-31,-34,-36,-32,-106,-66,-59,-21,-39,-7,-5,0,0,0,0,4,-101,-94,-250,-227,-249,-227,-239,-210,-244,-222,-216,-207,-208,-215,-239,-219,-269,-261,-258,-252,-540,-525,-1187,-1172,-1147,-1066,-1047,-993,-1101,-1020]} 1. e4 c5 2. Nf3 e6 3. c3 d5 4. e5 d4 5. Bd3 Bd7 6. O-O {B40: Sicilian: 2...e6, Unusual lines} (6. Qe2 Bc6 7. Na3 Ne7 8. Be4 Nd5 9. g3 Nd7 10. Nc2 dxc3 11. dxc3 Qc7 12. O-O O-O-O 13. Re1 h6 {0-1 (33) Savchenko,B (2613)-Artemiev,V (2663) Sochi 2016}) 6... Bc6 7. Qe2 (7. cxd4 {is more complex.} cxd4 8. b3 Bc5 9. Na3 Ne7 10. Re1) 7... Ne7 8. Be4 {The position is equal.} Bxe4 9. Qxe4 {[%mdl 64] [#] Double Attack} Nbc6 10. d3 Qd5 11. Bf4 $146 ({Predecessor:} 11. Qe2 dxc3 12. Nxc3 Qd7 13. Be3 Nf5 {½-½ (40) Kutuzov,D (2293)-Dvalishvili,P (2477) Moscow 2007}) 11... Qxe4 12. dxe4 Ng6 13. Bg3 h5 {And now ...h4 would win.} 14. h4 f5 15. exf5 exf5 16. cxd4 cxd4 17. Nbd2 Be7 18. Nb3 Rd8 19. Rad1 {[%cal Rb3d4] [#]} d3 $1 20. Nc1 f4 21. Bh2 d2 22. Nb3 O-O ({Of course not} 22... Nxh4 $6 23. Nxh4 Bxh4 24. Bxf4 $14 (24. Nxd2 O-O $15)) ({Much weaker is} 22... Ncxe5 $6 23. Nxe5 Nxe5 24. Bxf4 $11) 23. Rxd2 Rxd2 24. Nbxd2 Ncxe5 25. Nxe5 Nxe5 26. Re1 Ng6 27. Re6 (27. Nf3 $15) 27... Rf6 28. Re4 Bc5 29. g3 Rd6 30. Nf3 Rd1+ 31. Kg2 Ra1 32. Re8+ Nf8 33. Re4 (33. Rb8 $11 {remains equal.}) 33... Rxa2 $17 34. Rxf4 $2 (34. Re2 $17 {was necessary.}) 34... Rxb2 $19 35. Ne5 Ne6 {Played: Rb2-d2} 0-1

[Event "Charlotte Open 2020"]
[Site "Charlotte"]
[Date "2020.01.02"]
[Round "2.8"]
[White "Bajarani, Ulvi"]
[Black "Daggupati, Balaji"]
[Result "1/2-1/2"]
[WhiteElo "2468"]
[BlackElo "2311"]
[Annotator "TA"]
[PlyCount "77"]
[EventDate "2020.01.02"]
[EventType "swiss"]
[EventCountry "USA"]
[SourceTitle "playchess.com"]
[Source "ChessBase"]
[SourceQuality "1"]

{[%evp 19,77,24,37,10,10,10,13,8,16,0,8,0,0,0,14,15,12,5,15,0,17,8,14,19,16,8,24,0,20,9,8,-17,-10,-16,0,0,12,0,0,0,0,0,0,0,0,0,0,-32,-30,-22,-26,-26,-32,-31,-31,-35,-8,-8,-8,-8]} 1. d4 d5 2. c4 c6 3. Nf3 e6 4. e3 Bd6 5. b3 f5 6. Bd3 Nf6 7. O-O Qe7 8. Bb2 O-O 9. Nbd2 Ne4 10. Ne5 Nd7 11. f3 {A84: Dutch Defence: 2 c4 Miscellaneous} Nxd2 (11... Nb8) 12. Qxd2 Nxe5 13. dxe5 Bc5 14. Kh1 Bd7 15. f4 $146 ({Predecessor:} 15. Rad1 Rad8 16. cxd5 cxd5 17. Qe2 Rc8 18. f4 Rc7 {0-1 (42) Kocovski,I (2271)-Popchev,M (2450) Leposavic 2003}) 15... Rfd8 16. Qe2 Be8 17. cxd5 cxd5 18. Rac1 Rac8 19. Rc2 Rc7 20. h3 Rdc8 21. Kh2 Bb6 22. Rxc7 Rxc7 23. a3 Qd8 24. g4 g6 25. Rg1 {Black should prevent gxf5.} fxg4 26. Rxg4 Qc8 27. Rg2 Qd8 28. b4 a6 29. a4 Bxa4 30. Qg4 $1 {[%cal Rg4e6]} Qe8 31. f5 exf5 32. Bxf5 Re7 33. e6 {aiming for Bf6.} (33. Bxg6 $5 hxg6 34. Qxg6+ Qxg6 35. Rxg6+ Rg7 36. Rxb6 $11) 33... Bxe3 {And now ...Qb8+ would win.} 34. Bf6 Qb8+ 35. Rg3 $1 Bf2 {[%mdl 64] [#] Pin} 36. Bxe7 {Hoping for Bd3.} Qxg3+ 37. Qxg3 Bxg3+ 38. Kxg3 {Black must now prevent Bb1.} gxf5 39. Kf4 {Accuracy: White = 49%, Black = 52%.} 1/2-1/2

[Event "Charlotte Open 2020"]
[Site "Charlotte"]
[Date "2020.01.02"]
[Round "2.9"]
[White "Zapata, Alonso"]
[Black "Kozelov, Roman"]
[Result "1-0"]
[WhiteElo "2434"]
[BlackElo "2120"]
[Annotator "TA"]
[PlyCount "143"]
[EventDate "2020.01.02"]
[EventType "swiss"]
[EventCountry "USA"]
[SourceTitle "playchess.com"]
[Source "ChessBase"]
[SourceQuality "1"]

{[%evp 14,143,35,27,40,34,27,13,56,38,35,31,36,1,22,22,27,22,45,45,34,34,61,29,24,17,77,77,68,56,94,87,164,97,116,115,168,166,172,170,202,195,227,185,249,239,251,235,248,226,302,206,231,222,200,197,207,205,181,181,262,103,242,233,321,31,11,22,23,4,4,4,4,4,5,5,4,5,5,5,5,5,8,8,1166,1077,993,733,1858,1795,2044,1774,1536,1487,2994,4070,1809,1536,5086,4571,29977,29978,29969,12127,29947,29963,29957,29960,12810,29958,12798,2700,2776,2772,1389,1117,29984,29985,29988,29989,29990,29991,29993,29994,29994,29995,29995,29996,29996,29997,29997,382]} 1. e4 e6 2. d4 d5 3. Nd2 Nf6 4. e5 Nfd7 5. c3 c5 6. Ndf3 Nc6 7. Bd3 cxd4 8. cxd4 Bb4+ {C06: French Tarrasch: 3...Nf6 4 e5 Nfd7 5 Bd3 main lines} (8... f6 9. exf6 Nxf6 10. Ne2 Bd6 11. O-O O-O 12. Bf4 Bxf4 13. Nxf4 Ng4 14. Qd2 Qf6 15. Ne2 e5 16. dxe5 Ncxe5 17. Nxe5 Nxe5 18. Nd4 Qf4 19. Rad1 Bg4 20. Qxf4 Rxf4 21. f3 Bd7 22. Bb5 Nc6 23. Bxc6 bxc6 24. Rfe1 Kf7 25. Re3 Rb8 {½-½ (57) Ghaem Maghami,E (2596)-Bluebaum,M (2588) Berlin 2015}) 9. Bd2 Bxd2+ 10. Qxd2 Qa5 {The position is equal.} 11. Ne2 Qxd2+ 12. Kxd2 Nb6 13. Nc3 $146 ({Predecessor:} 13. Rac1 Bd7 14. b3 Ke7 15. Rc5 h6 16. h4 {½-½ (36) Xiao,T (1958)-Sun,C (2034) Daqing 2018}) 13... a6 14. b3 Bd7 15. Rac1 Ke7 16. h4 h6 17. Ke3 g6 18. h5 g5 19. Nh2 f5 (19... Be8 $11) 20. exf6+ $1 $16 Kxf6 21. Ng4+ Kg7 22. Ne2 Rhe8 (22... Nc8 $16 {was called for.}) 23. Ne5 (23. f4 $18) 23... Rac8 24. f4 gxf4+ (24... Nxe5 $16 25. dxe5 (25. fxe5 Rxc1 26. Rxc1 Rc8 $16) 25... gxf4+ 26. Nxf4 Rxc1 27. Rxc1 Rc8) 25. Nxf4 $18 Nxe5 26. dxe5 Rf8 {intending ...d4+!} 27. g3 Rg8 28. Rhf1 a5 (28... Rgf8 $142 29. Rxc8 Rxc8) 29. Kd4 Rxc1 30. Rxc1 {Threatens to win with Rc7.} Rc8 31. Rf1 a4 32. Bg6 axb3 33. axb3 Rf8 34. Rc1 {Black must now prevent Rc7.} Rc8 {[#]} 35. Ra1 $1 Rc7 {[#]} 36. Be8 $1 {[%mdl 512] Hoping for Bxd7.} Bc8 (36... Rc6 $142) (36... Bxe8 37. Nxe6+) 37. Nd3 $2 (37. Rf1 $18 {has better winning chances.}) 37... Rc2 (37... Nd7 $16 {might work better.}) 38. Rf1 Rc7 39. Bb5 $2 (39. Bg6 $18) 39... Bd7 $14 40. Bxd7 Nxd7 41. Rc1 (41. Rf2 {is more complex.} Rc8 42. Rf4 Rc2 43. Rg4+ Kh7 44. Ke3) 41... Rxc1 42. Nxc1 $11 {[%mdl 4096] Endgame KN-KN} b6 43. b4 Kf7 44. Nd3 Nb8 45. b5 Nd7 46. Ke3 Ke7 47. Kf4 Nf8 48. Nf2 Nh7 $2 {[%mdl 8192]} (48... Nd7 $11) 49. Ng4 $18 Ng5 50. Nxh6 Ne4 51. g4 Nf2 52. Ke3 Nd1+ 53. Kd4 Kf8 {[#]} 54. Nf5 $1 {[%mdl 512]} Nf2 (54... exf5 55. h6) 55. Ne3 Kf7 56. g5 Nh3 57. g6+ Kg7 {[#]} 58. Ng2 (58. Nxd5 $142 $1 {[%mdl 512]} Ng5 (58... exd5 59. e6) 59. Nxb6 Kh6 60. Nd7 Nf3+ 61. Kc3 Ng1 62. b6 Kg7 63. b7 Ne2+ 64. Kc4) 58... Kh6 59. Ke3 Ng5 60. Nf4 Kg7 61. Ne2 Ne4 62. Nd4 Nc5 63. Kf4 Kh6 64. Kg4 Nd3 65. Nxe6 {White mates.} Nxe5+ 66. Kf5 Nc4 67. g7 Kh7 68. Kf6 Nd6 69. Ng5+ Kg8 70. h6 {[%csl Gg5][%cal Rh6h7]} Ne8+ 71. Kg6 {[%csl Gg5,Gg6][%cal Rh6h7]} Nxg7 72. hxg7 {Accuracy: White = 68%, Black = 40%.} 1-0

[Event "Charlotte Open 2020"]
[Site "Charlotte"]
[Date "2020.01.02"]
[Round "2.10"]
[White "Wang, Tianqi"]
[Black "Hilby, Craig"]
[Result "0-1"]
[WhiteElo "2314"]
[BlackElo "2434"]
[Annotator "ChessBase"]
[PlyCount "84"]
[EventDate "2020.01.02"]
[EventType "swiss"]
[EventCountry "USA"]
[SourceTitle "playchess.com"]
[Source "ChessBase"]
[SourceQuality "1"]
[TimeControl "6000+30"]

1. Nf3 {[%emt 0:11:19]} g6 {[%emt 0:00:41]} 2. c4 {[%emt 0:00:12]} Bg7 {[%emt 0:00:04]} 3. d4 {[%emt 0:00:32]} e6 {[%emt 0:00:13]} 4. g3 {[%emt 0:00:07]} Ne7 {[%emt 0:00:05]} 5. Bg2 {[%emt 0:00:03]} d5 {[%emt 0:00:14]} 6. O-O {[%emt 0:01:02]} O-O {[%emt 0:00:04]} 7. Nc3 {[%emt 0:01:22]} Nbc6 {[%emt 0:01:42]} 8. cxd5 {[%emt 0:08:13]} exd5 {[%emt 0:00:37]} 9. e3 {[%emt 0:00:31]} Nf5 {[%emt 0:01:04]} 10. Ne1 {[%emt 0:00:36]} Nce7 {[%emt 0:00:39]} 11. Nd3 {[%emt 0:01:30]} c6 {[%emt 0:00:15]} 12. b3 {[%emt 0:03:09]} h5 {[%emt 0:10:32]} 13. h3 {[%emt 0:01:14]} Nd6 {[%emt 0:03:17]} 14. Ba3 {[%emt 0:01:51]} Re8 {[%emt 0:02:20]} 15. Qd2 {[%emt 0:04:31]} Nef5 {[%emt 0:07:32]} 16. Ne5 {[%emt 0:06:46]} Bh6 {[%emt 0:05:01]} 17. Qd3 {[%emt 0:04:35]} Kg7 {[%emt 0:01:26]} 18. Rfe1 {[%emt 0:06:49]} f6 {[%emt 0:08:49]} 19. Bxd6 {[%emt 0:06:15]} Qxd6 {[%emt 0:00:39]} 20. Nxg6 {[%emt 0:00:15]} Kxg6 {[%emt 0:17:14]} 21. g4 {[%emt 0:00:48]} hxg4 {[%emt 0:00:09]} 22. hxg4 {[%emt 0:00:05]} Rg8 {[%emt 0:00:13]} 23. gxf5+ {[%emt 0:16:07]} Bxf5 {[%emt 0:05:43]} 24. e4 {[%emt 0:00:18]} dxe4 {[%emt 0:00:10]} 25. Bxe4 {[%emt 0:00:12]} Kf7+ {[%emt 0:02:25]} 26. Kf1 {[%emt 0:00:11]} Bg4 {[%emt 0:00:48]} 27. Bg2 {[%emt 0:00:53]} Qh2 {[%emt 0:07:13]} 28. Qc4+ {[%emt 0:09:36]} Kg7 {[%emt 0:00:20]} 29. Re7+ {[%emt 0:25:28]} Kh8 {[%emt 0:00:27]} 30. Qd3 {[%emt 0:00:00]} f5 {[%emt 0:08:26]} 31. Rae1 {[%emt 0:00:00]} Rab8 {[%emt 0:12:43]} 32. d5 {[%emt 0:00:00]} Bf8 {[%emt 0:02:49]} 33. Qd4+ {[%emt 0:00:00]} Bg7 {[%emt 0:00:07]} 34. Qd3 {[%emt 0:00:00]} Bf6 {[%emt 0:01:04]} 35. R7e6 {[%emt 0:00:00]} Bh5 {[%emt 0:04:12]} 36. Qh3 {[%emt 0:01:37]} Qxh3 {[%emt 0:00:08]} 37. Bxh3 {[%emt 0:00:01]} Bxc3 {[%emt 0:00:10]} 38. R1e3 {[%emt 0:00:47]} Bg7 {[%emt 0:00:09]} 39. Bxf5 {[%emt 0:00:15]} Rgf8 {[%emt 0:00:04]} 40. Bd3 {[%emt 0:00:19]} Bf3 {[%emt 0:04:25]} 41. dxc6 {[%emt 0:01:16]} bxc6 {[%emt 0:00:07]} 42. Re7 {[%emt 0:00:52]} a5 {[%emt 0:02:24]} 0-1

[Event "Charlotte Open 2020"]
[Site "Charlotte"]
[Date "2020.01.02"]
[Round "2.11"]
[White "Petesch, Gabriel"]
[Black "Korley, Kassa"]
[Result "1/2-1/2"]
[WhiteElo "2302"]
[BlackElo "2432"]
[Annotator "ChessBase"]
[PlyCount "134"]
[EventDate "2020.01.02"]
[EventType "swiss"]
[EventCountry "USA"]
[SourceTitle "playchess.com"]
[Source "ChessBase"]
[SourceQuality "1"]
[TimeControl "6000+30"]

1. d4 {[%emt 1:40:30]} g6 {[%emt 1:40:30]} 2. Nf3 {[%emt 0:00:30]} Bg7 {[%emt 0:00:30]} 3. g3 {[%emt 0:00:30]} d6 {[%emt 0:00:30]} 4. Bg2 {[%emt 0:00:30]} Nf6 {[%emt 0:00:30]} 5. O-O {[%emt 0:00:30]} O-O {[%emt 0:00:30]} 6. c4 {[%emt 0:00:30]} Nbd7 {[%emt 0:00:30]} 7. Nc3 {[%emt 0:00:30]} e5 {[%emt 0:00:30]} 8. Qc2 {[%emt 0:00:30]} exd4 {[%emt 0:00:30]} 9. Nxd4 {[%emt 0:00:30]} Re8 {[%emt 0:00:30]} 10. b3 {[%emt 0:00:30]} Nc5 {[%emt 0:00:30]} 11. Bb2 {[%emt 0:00:30]} h5 {[%emt 0:00:30]} 12. Rad1 {[%emt 0:00:30]} a5 {[%emt 0:00:30]} 13. Nd5 {[%emt 0:00:30]} c6 {[%emt 0:00:30]} 14. Nxf6+ {[%emt 0:00:30]} Qxf6 {[%emt 0:00:30]} 15. Bc3 {[%emt 0:00:30]} Qe7 {[%emt 0:00:30]} 16. Rfe1 {[%emt 0:00:30]} h4 {[%emt 0:00:30]} 17. Nf3 {[%emt 0:00:30]} hxg3 {[%emt 0:00:30]} 18. hxg3 {[%emt 0:00:30]} Bf5 {[%emt 0:00:30]} 19. Qb2 {[%emt 0:00:30]} Bxc3 {[%emt 0:00:30]} 20. Qxc3 {[%emt 0:00:30]} a4 {[%emt 0:00:30]} 21. Nh4 {[%emt 0:00:30]} axb3 {[%emt 0:00:30]} 22. Nxf5 {[%emt 0:00:30]} gxf5 {[%emt 0:00:30]} 23. axb3 {[%emt 0:00:30]} Ra3 {[%emt 0:00:30]} 24. Qc2 {[%emt 0:00:30]} Qe5 {[%emt 0:00:30]} 25. Rb1 {[%emt 0:00:30]} f4 {[%emt 0:00:30]} 26. gxf4 {[%emt 0:00:30]} Qxf4 {[%emt 0:00:30]} 27. e3 {[%emt 0:00:30]} Qe5 {[%emt 0:00:30]} 28. Red1 {[%emt 0:00:30]} Rea8 {[%emt 0:00:30]} 29. Rd4 {[%emt 0:00:30]} Ra1 {[%emt 0:00:30]} 30. Qd1 {[%emt 0:00:30]} Rxb1 {[%emt 0:00:30]} 31. Qxb1 {[%emt 0:00:30]} Kf8 {[%emt 0:00:30]} 32. b4 {[%emt 0:00:30]} Ne6 {[%emt 0:00:30]} 33. Rd1 {[%emt 0:00:30]} Ke7 {[%emt 0:00:30]} 34. b5 {[%emt 0:00:30]} cxb5 {[%emt 0:00:30]} 35. Qxb5 {[%emt 0:00:30]} Qxb5 {[%emt 0:00:30]} 36. cxb5 {[%emt 0:00:30]} Nc5 {[%emt 0:00:30]} 37. Rd4 {[%emt 0:00:30]} Ra1+ {[%emt 0:00:30]} 38. Bf1 {[%emt 0:00:30]} Rb1 {[%emt 0:00:30]} 39. Kg2 {[%emt 0:00:30]} Rb2 {[%emt 0:00:30]} 40. Kg3 {[%emt 0:00:30]} Ne6 {[%emt 0:00:30]} 41. Rd5 {[%emt 0:00:30]} Rb4 {[%emt 0:00:30]} 42. Rf5 {[%emt 0:00:30]} Nc5 {[%emt 0:00:30]} 43. f3 {[%emt 0:00:30]} Ne6 {[%emt 0:00:30]} 44. e4 {[%emt 0:00:30]} b6 {[%emt 0:00:30]} 45. Rh5 {[%emt 0:00:30]} Nd4 {[%emt 0:00:30]} 46. Rd5 {[%emt 0:00:30]} Ne6 {[%emt 0:00:30]} 47. e5 {[%emt 0:00:30]} dxe5 {[%emt 0:00:30]} 48. Rxe5 {[%emt 0:00:30]} Kf6 {[%emt 0:00:30]} 49. Rh5 {[%emt 0:00:30]} Rd4 {[%emt 0:00:30]} 50. Rh8 {[%emt 0:00:30]} Rd6 {[%emt 0:00:30]} 51. Bc4 {[%emt 0:00:30]} Rd4 {[%emt 0:00:30]} 52. Bxe6 {[%emt 0:00:30]} Kxe6 {[%emt 0:00:30]} 53. Rb8 {[%emt 0:00:30]} Rd6 {[%emt 0:00:30]} 54. Rb7 {[%emt 0:00:30]} f6 {[%emt 0:00:30]} 55. Kf4 {[%emt 0:00:30]} Rd4+ {[%emt 0:00:30]} 56. Ke3 {[%emt 0:00:30]} Rd6 {[%emt 0:00:30]} 57. Ke4 {[%emt 0:00:30]} f5+ {[%emt 0:00:30]} 58. Kf4 {[%emt 0:00:30]} Kf6 {[%emt 0:00:30]} 59. Rh7 {[%emt 0:00:30]} Rd4+ {[%emt 0:00:30]} 60. Ke3 {[%emt 0:00:30]} Rb4 {[%emt 0:00:30]} 61. Rh6+ {[%emt 0:00:30]} Ke5 {[%emt 0:00:30]} 62. Rxb6 {[%emt 0:00:30]} Rb3+ {[%emt 0:00:30]} 63. Ke2 {[%emt 0:00:30]} Kf4 {[%emt 0:00:30]} 64. Rb8 {[%emt 0:00:30]} Rxf3 {[%emt 0:00:30]} 65. b6 {[%emt 0:00:30]} Rb3 {[%emt 0:00:30]} 66. b7 {[%emt 0:00:30]} Rb1 {[%emt 0:00:30]} 67. Kd3 {[%emt 0:00:30]} Rb6 {[%emt 0:00:30] Ke4 Ke5+} 1/2-1/2

[Event "Charlotte Open 2020"]
[Site "Charlotte"]
[Date "2020.01.02"]
[Round "2.12"]
[White "Puckett, Matthew"]
[Black "Song, Edward"]
[Result "1/2-1/2"]
[WhiteElo "2148"]
[BlackElo "2411"]
[Annotator "ChessBase"]
[PlyCount "59"]
[EventDate "2020.01.02"]
[EventType "swiss"]
[EventCountry "USA"]
[SourceTitle "playchess.com"]
[Source "ChessBase"]
[SourceQuality "1"]
[TimeControl "6000+30"]

1. d4 {[%emt 1:40:30]} d5 {[%emt 1:40:30]} 2. c4 {[%emt 0:00:30]} e6 {[%emt 0:00:30]} 3. Nf3 {[%emt 0:00:30]} Nf6 {[%emt 0:00:30]} 4. g3 {[%emt 0:00:30]} Bb4+ {[%emt 0:00:30]} 5. Bd2 {[%emt 0:00:30]} Bd6 {[%emt 0:00:30]} 6. Nc3 {[%emt 0:00:30]} O-O {[%emt 0:00:30]} 7. Bg5 {[%emt 0:00:30]} c6 {[%emt 0:00:30]} 8. e4 {[%emt 0:00:30]} dxe4 {[%emt 0:00:30]} 9. Nxe4 {[%emt 0:00:30]} Bb4+ {[%emt 0:00:30]} 10. Nc3 {[%emt 0:00:30]} e5 {[%emt 0:00:30]} 11. dxe5 {[%emt 0:00:30]} Qxd1+ {[%emt 0:00:30]} 12. Rxd1 {[%emt 0:00:30]} Ne4 {[%emt 0:00:30]} 13. Bd2 {[%emt 0:00:30]} Nxd2 {[%emt 0:00:30]} 14. Rxd2 {[%emt 0:00:30]} Nd7 {[%emt 0:00:30]} 15. Be2 {[%emt 0:00:30]} Nb6 {[%emt 0:00:30]} 16. O-O {[%emt 0:00:30]} Be6 {[%emt 0:00:30]} 17. Rd4 {[%emt 0:00:30]} Rfd8 {[%emt 0:00:30]} 18. Rfd1 {[%emt 0:00:30]} Rxd4 {[%emt 0:00:30]} 19. Rxd4 {[%emt 0:00:30]} c5 {[%emt 0:00:30]} 20. Rd6 {[%emt 0:00:30]} Bxc3 {[%emt 0:00:30]} 21. bxc3 {[%emt 0:00:30]} Bxc4 {[%emt 0:00:30]} 22. Bxc4 {[%emt 0:00:30]} Nxc4 {[%emt 0:00:30]} 23. Rd5 {[%emt 0:00:30]} b6 {[%emt 0:00:30]} 24. Nd2 {[%emt 0:00:30]} Nxd2 {[%emt 0:00:30]} 25. Rxd2 {[%emt 0:00:30]} f6 {[%emt 0:00:30]} 26. exf6 {[%emt 0:00:30]} gxf6 {[%emt 0:00:30]} 27. Rd7 {[%emt 0:00:30]} b5 {[%emt 0:00:30]} 28. Rc7 {[%emt 0:00:30]} c4 {[%emt 0:00:30]} 29. Rb7 {[%emt 0:00:30]} a6 {[%emt 0:00:30]} 30. Rb6 {[%emt 0:00:30]} 1/2-1/2

[Event "Charlotte Open 2020"]
[Site "Charlotte"]
[Date "2020.01.02"]
[Round "2.13"]
[White "Iotov, Valentin"]
[Black "Zeng, Sheena"]
[Result "1-0"]
[WhiteElo "2516"]
[BlackElo "1987"]
[Annotator "ChessBase"]
[PlyCount "67"]
[EventDate "2020.01.02"]
[EventType "swiss"]
[EventCountry "USA"]
[SourceTitle "playchess.com"]
[Source "ChessBase"]
[SourceQuality "1"]
[TimeControl "6000+30"]

1. c4 {[%emt 1:40:30]} e6 {[%emt 1:40:30]} 2. Nc3 {[%emt 0:00:30]} d5 {[%emt 0:00:30]} 3. d4 {[%emt 0:00:30]} Nf6 {[%emt 0:00:30]} 4. cxd5 {[%emt 0:00:30]} exd5 {[%emt 0:00:30]} 5. Bg5 {[%emt 0:00:30]} Be7 {[%emt 0:00:30]} 6. e3 {[%emt 0:00:30]} c6 {[%emt 0:00:30]} 7. Bd3 {[%emt 0:00:30]} Nbd7 {[%emt 0:00:30]} 8. Qc2 {[%emt 0:00:30]} O-O {[%emt 0:00:30]} 9. Nf3 {[%emt 0:00:30]} Re8 {[%emt 0:00:30]} 10. O-O {[%emt 0:00:30]} Nf8 {[%emt 0:00:30]} 11. h3 {[%emt 0:00:30]} Ng6 {[%emt 0:00:30]} 12. Bxf6 {[%emt 0:00:30]} Bxf6 {[%emt 0:00:30]} 13. b4 {[%emt 0:00:30]} a6 {[%emt 0:00:30]} 14. a4 {[%emt 0:00:30]} Be6 {[%emt 0:00:30]} 15. b5 {[%emt 0:00:30]} axb5 {[%emt 0:00:30]} 16. axb5 {[%emt 0:00:30]} Qe7 {[%emt 0:00:30]} 17. bxc6 {[%emt 0:00:30]} bxc6 {[%emt 0:00:30]} 18. Na4 {[%emt 0:00:30]} Rac8 {[%emt 0:00:30]} 19. Nc5 {[%emt 0:00:30]} Nf8 {[%emt 0:00:30]} 20. Ra6 {[%emt 0:00:30]} Rc7 {[%emt 0:00:30]} 21. Nxe6 {[%emt 0:00:30]} Qxe6 {[%emt 0:00:30]} 22. Rc1 {[%emt 0:00:30]} g6 {[%emt 0:00:30]} 23. Rxc6 {[%emt 0:00:30]} Rxc6 {[%emt 0:00:30]} 24. Qxc6 {[%emt 0:00:30]} Qxc6 {[%emt 0:00:30]} 25. Rxc6 {[%emt 0:00:30]} Re6 {[%emt 0:00:30]} 26. Bb5 {[%emt 0:00:30]} Bd8 {[%emt 0:00:30]} 27. Ne5 {[%emt 0:00:30]} f6 {[%emt 0:00:30]} 28. Nd3 {[%emt 0:00:30]} Be7 {[%emt 0:00:30]} 29. Nf4 {[%emt 0:00:30]} Rd6 {[%emt 0:00:30]} 30. Nxd5 {[%emt 0:00:30]} Kf7 {[%emt 0:00:30]} 31. Rc7 {[%emt 0:00:30]} Re6 {[%emt 0:00:30]} 32. Bc4 {[%emt 0:00:30]} Ke8 {[%emt 0:00:30]} 33. Nxe7 {[%emt 0:00:30]} Rxe7 {[%emt 0:00:30]} 34. Rc8+ {[%emt 0:00:30]} 1-0

[Event "Charlotte Open 2020"]
[Site "Charlotte"]
[Date "2020.01.02"]
[Round "2.14"]
[White "Beradze, Irakli"]
[Black "Moon, Benjamin"]
[Result "0-1"]
[WhiteElo "2487"]
[BlackElo "2237"]
[Annotator "TA"]
[PlyCount "64"]
[EventDate "2020.01.02"]
[EventType "swiss"]
[EventCountry "USA"]
[SourceTitle "playchess.com"]
[Source "ChessBase"]
[SourceQuality "1"]

{[%evp 14,82,36,45,58,35,44,21,23,22,21,27,27,9,23,10,22,14,15,0,7,-39,-8,-13,-3,0,0,-15,27,-16,-14,-20,-18,-25,29,30,31,35,80,70,80,87,70,62,93,101,102,101,108,109,298,289,244,181,194,0,50,0,0,0,0,0,0,0,0,0,0,-212,-203,-2703,-2702]} 1. e4 e5 2. Nf3 Nf6 3. Nxe5 d6 4. Nf3 Nxe4 5. d4 d5 6. Bd3 Be7 7. O-O Nd6 8. Bf4 O-O {C42: Petroff Defence: 3 Nxe5 and unusual White 3rd moves} 9. c3 $146 (9. Re1 Re8 10. Nc3 c6 11. Ne2 Nd7 12. Ng3 Nf8 13. c3 Ng6 14. Bd2 Nh4 15. Nxh4 Bxh4 16. Rxe8+ Nxe8 17. Qf3 g6 18. Re1 Ng7 19. Bf4 Bd7 20. Be5 Qg5 {½-½ (20) Leko,P (2691)-Wang,Y (2690) Riadh 2017}) 9... Re8 10. Qc2 g6 {The position is equal.} 11. Re1 Nd7 {[%cal Bb8d7,Bd7f8,Bf8e6][%mdl 32]} 12. Nbd2 Nf8 13. Rac1 c6 14. h3 Ne6 15. Bh2 Ng7 16. g4 Bf8 17. b3 Rxe1+ 18. Rxe1 Ne6 19. Nf1 Bh6 20. Be5 b6 21. Kh2 Bb7 22. Ng3 c5 23. h4 c4 (23... Bf4 $142) 24. Bf1 $1 $11 Rc8 25. g5 Bf8 26. Bh3 cxb3 27. axb3 Ne4 28. Re3 Bd6 29. Bxe6 fxe6 30. Bxd6 Qxd6 31. Ne5 Qf8 $2 {[#]} (31... Rf8 $16 {was necessary.} 32. f3 (32. Nxe4 dxe4 33. b4 a6 $14) 32... Nxg3 33. Kxg3 Kh8) 32. Rf3 $1 $18 {[%cal Rf3f8]} (32. Nxe4 dxe4 33. Kg3 Qa3 $14) 32... Qd6 {Played: Qf8-b4} 0-1